02831nam a2200301Ia 450000500170000000800410001702000180005808200170007610000240009324500680011725000220018530000800020750000530028750509220034065000370126265000410129965000390134065000340137974004840141374004420189794200120233926400400235133600270239133700330241833800280245104000350247999900150251420220317001426.0161108s2013 ck abo g 000 0 s  a9789587585971 a909.82bU73c aUribe, Dianad1959- a100 momentos que marcaron el mundo contemporáneocDiana Uribe aPrimera edición a2 volùmenesbilustraciones, mapas y fotografías en colorc29 cme10 CDS aIncluye 10 CDs ; Tomo dos ISBN 978-958-758-598-8 a|g tomo 1 -- El fin de la esclavitud, cómo institución en el mundo -- El gramófono, el origen de la reproducción musical -- El nacimiento del cine -- El psicoanálisis, la formulación del inconsciente -- La olimpiadas modernas -- La aviación, el sueño de Ícaro -- La revolución bolchevique -- El fascismo, la marcha sobre Roma -- Mahatma Gandhi, lidera la marcha de la sal -- Guerra civil española -- El existencialismo, la filosofía de un mundo en crisis |g tomo 2 -- El sintetizador Moog -- Las dictaduras militares del cono sur -- La cultura pop -- La llegada del hombre a la luna -- Woodstock, el hippismo y la contracultura -- El cordobazo, movimientos estudiantiles en América latina -- Los videojuegos -- La crisis energética -- La revolución de los claveles -- Revolución sandinista en Nicaragua -- La revolución fundamentalista islámica-iraní -- La guerra de las Malvinas142LEMBaHistoria modernaySiglo XX142LEMBaCivilizacion modernaySiglo XX142LEMBaHistoria universalySiglo XX142LEMBaGeopolíticaysiglo XX02a|g tomo 1 -- El fin de la esclavitud, cómo institución en el mundo -- El gramófono, el origen de la reproducción musical -- El nacimiento del cine -- El psicoanálisis, la formulación del inconsciente -- La olimpiadas modernas -- La aviación, el sueño de Ícaro -- La revolución bolchevique -- El fascismo, la marcha sobre Roma -- Mahatma Gandhi, lidera la marcha de la sal -- Guerra civil española -- El existencialismo, la filosofía de un mundo en crisis 02ag tomo 2 -- El sintetizador Moog -- Las dictaduras militares del cono sur -- La cultura pop -- La llegada del hombre a la luna -- Woodstock, el hippismo y la contracultura -- El cordobazo, movimientos estudiantiles en América latina -- Los videojuegos -- La crisis energética -- La revolución de los claveles -- Revolución sandinista en Nicaragua -- La revolución fundamentalista islámica-iraní -- La guerra de las Malvinas 2ddccBK aBogotábAguilarbSantillanac2013 atextobtxt2rdacontent asin mediaciónbn2rdamedia avolumenbnc2rdacarrier aCO-BoRNBPbspaerdacCO-BoRNBP c6939d6939